000 00583nam a2200181Ia 4500
003 IN-BaIIA
008 211028s9999 xx 000 0 eng d
040 _cIIA Library
080 _a524.3-5
_bPER
245 0 _aPerte de masse des etoiles
_cedited by Dominique Ballereau
260 _aFrance
_bDepartment Etoiles et Galaxies
_c1977
300 _a[various pagings.]
650 _aAstronomy and astrophysics thesaurus
650 _aStellar atmospheres
_91135
650 _aStellar structure
700 _aBallereau, Dominique., ed.
_910521
942 _cBK
999 _c6066
_d6066